ATP Masters 1000 Top 4 - Paris Masters - Statistics

General Stats
  • This quiz has been taken 481 times
    77 since last reset
  • The average score is 34 of 122
Answer Stats
Player % Correct
Jannik Sinner
100%
Novak Djokovic
100%
Rafael Nadal
97%
Roger Federer
97%
Alexander Zverev
87%
Andriy Medvedev
79%
Daniil Medvedev
79%
Andy Murray
75%
Pete Sampras
75%
Andre Agassi
74%
Stan Wawrinka
72%
Jo-Wilfried Tsonga
70%
Holger Rune
69%
David Ferrer
67%
Stefanos Tsitsipas
66%
Boris Becker
62%
Grigor Dimitrov
62%
John McEnroe
62%
Gaël Monfils
61%
Karen Khachanov
61%
Andy Roddick
59%
Dominic Thiem
59%
Félix Auger-Aliassime
59%
Andrey Rublev
54%
Marat Safin
54%
Marin Čilić
54%
Stefan Edberg
54%
John Isner
52%
Juan Carlos Ferrero
52%
Lleyton Hewitt
52%
Gustavo Kuerten
49%
Kei Nishikori
48%
Carlos Moyà
44%
Tomáš Berdych
44%
Nikolay Davydenko
43%
Ugo Humbert
43%
Milos Raonic
41%
David Nalbandian
39%
Jack Sock
39%
Jim Courier
39%
Michael Chang
39%
Richard Gasquet
39%
Robin Söderling
38%
Yevgeny Kafelnikov
38%
Denis Shapovalov
36%
Goran Ivanišević
36%
Alexander Bublik
34%
Arthur Ashe
34%
Yannick Noah
33%
Hubert Hurkacz
31%
Sébastien Grosjean
31%
Gilles Simon
30%
Ilie Năstase
28%
Petr Korda
28%
Stan Smith
26%
Mark Philippoussis
25%
Sergi Bruguera
21%
Filip Krajinović
20%
Marcos Baghdatis
20%
Tim Henman
20%
Tommy Haas
20%
Ivan Ljubičić
16%
Jerzy Janowicz
15%
Adriano Panatta
13%
Guy Forget
13%
James Blake
13%
Greg Rusedski
11%
Henri Leconte
11%
Jan Kodeš
11%
José López-Maeso
11%
Thomas Enqvist
11%
Tommy Robredo
11%
Marc Rosset
8%
Todd Martin
8%
Jiří Novák
7%
Julien Benneteau
7%
Michaël Llodra
7%
Radek Štěpánek
7%
Wayne Ferreira
7%
Andrei Pavel
5%
Andrés Gimeno
5%
Guillermo Cañas
5%
Jonas Björkman
5%
Wojciech Fibak
5%
Brian Gottfried
3%
Corrado Barazzutti
3%
Max Mirnyi
3%
Paradorn Srichaphan
3%
Tom Okker
3%
Tony Roche
3%
Amos Mansdorf
2%
Arnaud Boetsch
2%
Brad Gilbert
2%
Dominik Hrbatý
2%
Eddie Dibbs
2%
Harold Solomon
2%
Jaime Fillol
2%
Jakob Hlasek
2%
Nicolás Lapentti
2%
Tim Mayotte
2%
Aaron Krickstein
0%
Andreas Vinciguerra
0%
Bill Scanlon
0%
Butch Buchholz
0%
Georges Goven
0%
Jeff Borowiak
0%
Jonas Svensson
0%
Karl Meiler
0%
Magnus Gustafsson
0%
Marcos Hocevar
0%
Mark Cox
0%
Mark Vines
0%
Marty Riessen
0%
Michiel Schapers
0%
Pascal Portes
0%
Paul Kronk
0%
Raymond Moore
0%
Robert Lutz
0%
Sergio Casal
0%
Tom Gorman
0%
Tom Gullikson
0%
Vincent Van Patten
0%
No matching quizzes found
Score Distribution
Percent of People with Each Score
Percentile by Number Answered
Your Score History
You have not taken this quiz since the last reset